000 00264nam a22001217a 4500
008 170427b xxu||||| |||| 00| 0 eng d
041 _aeng
080 _a050
100 _a13
101 _aSHJ
245 _aAMERICAN JURISPUDENCE
_cGRIFFITH, L.E
942 _2udc
_cBK
999 _c12283
_d12283